000 00444nam a2200157 i 4500
001 142655
003 ES-MaACL
005 20230906200602.0
007 t|
008 071009s1935 sp ||||1| spa d
100 1 _aVilaseca, José María.
_9114837
245 1 0 _aCancionero de la meseta /
_cJosé María Vilaseca.
260 _aZaragoza :
_b[s.n.],
_c1935 (
_fGráficas Minerva)
300 _a31 p. ;
_c20 cm.
852 _aES-MaACL
_j1818-F-12
999 _c142655
_d142655